000 00716nas a2200229 4500
001 BR5600284
003 BR-BrBNA
005 20231205082005.0
007 ta
008 230509b bl.|||p| |||| 00| 00por d
040 _aBR-BrBNA
_bpor
_cBiblioteca Nacional de Agricultura
041 _a(Pt)
072 _aQ10
100 1 _aTejo, J.L.
245 1 _aTeor do enxofre volatil na cebola: sua importancia na desidratacao
_bApresentado no 2. Congresso de Quimica Tecnologica
650 _aTECNOLOGIA DE ALIMENTO
650 _aALIMENTO DESIDRATADO
650 _aCEBOLA
773 0 _tIntercambio (Brazil)
_x
_g(Apr 1956), v. 4(4) p. 22-24
_wBR5600284
909 _a202311
_bLúcia
_c55
_dLúcia Elande
942 _2AGRIS
_n0
_cANA
999 _c88381
_d88381